Economía turística en América Latina y El Caribe

Saved in:
Bibliographic Details
Main Author: Meyer Krumholz, Daniel (autor)
Format: Book
Language:Spanish
Published: Bogotá Universidad Externado de Colombia 2004
Edition:1a. ed
Subjects:
Tags: Add Tag
No Tags, Be the first to tag this record!

MARC

LEADER 00000nam a2200000 a 4500
001 UCG0787
003 CL-VaPUC
008 100408e20040000CK |||||||||||||||||spa|d
020 |a 9789586169006 
082 0 4 |a 338.4791  |b MEY  |2 21 
100 |a Meyer Krumholz, Daniel  |e autor  |9 548340 
245 1 0 |a Economía turística en América Latina y El Caribe 
250 |a 1a. ed 
300 |a 280 p 
942 |c BK 
945 |d 20100408 00:00:00  |a rbrito 
260 |a Bogotá  |b Universidad Externado de Colombia  |c 2004 
650 0 |a Turismo  |9 308920 
650 0 |a Desarrollo turístico   |9 525699 
650 0 |a Análisis económico  |9 259939 
650 0 |a Industria turística  |9 347913 
650 0 |a Análisis de mercado   |9 260838 
651 0 |a América Latina   |9 255027 
651 0 |a El Caribe  |9 341255 
583 |a last modification  |c 20130328 01:00:55  |k Rodrigo Vera 
999 |c 340310  |d 340308 
952 |0 0  |1 0  |4 0  |6 338_479100000000000_MEY_2004  |7 0  |8 A  |9 434905  |a BIBING  |b BIBING  |d 2019-11-22  |i 4658787  |o 338.4791 MEY 2004  |p 4658787  |r 2025-01-20  |w 2019-11-22  |y BK  |k GEO